000 01163nam a2200337Ia 4500
001 Z_6349
003 CHAP
005 20231010183302.0
008 220113s2012 xx 000 0 und d
010 _a169605
040 _cCHAP
090 _aTesis M375 2236
100 _aMartínez Ortiz, Carlos Jezer
_972360
245 _aIncidencia de parásitos externos en guajolotes nativos /
_cCarlos Jezer Martínez Ortiz
260 _aMéxico :
_bEl autor,
_c2012
300 _a44 p.
502 _aTesis ( Ingeniero Agrónomo Especialista en Zootecnia ) -- UACh, 2012 \ Dirección: Elvia López Pérez; asesoría: Santos Vázquez Cervantes y Mariano J. González Alcorta
650 _aAcaros
650 _aGuajolote nativo mexicano
_9144529
650 _aParásitos
_985652
650 _aPiojos
_988382
700 _a González Alcorta, Mariano J., asesor
_9144530
700 _a Vázquez Cervantes, Santos, asesor
_9144531
700 _aLópez Pérez, Elvia, director
_9144494
856 4 2 _uhttp://10.13.5.2/tesis/115155.pdf
_yDescargar PDF
901 _aTESIS M375 2236
902 _aM
910 _a2012
942 _c2
_2ddc
942 _c2
_2ddc
999 _c169605
_d169605